|
|
|
|
| LEADER |
01450ngm a2200397 a 4500 |
| 001 |
001424674 |
| 003 |
CZ BrMZK |
| 005 |
20141205085223.0 |
| 007 |
vd|c||||| |
| 008 |
141002s2013 xxk e v|eng |
| 040 |
|
|
|a BOA001
|b cze
|
| 041 |
0 |
|
|d eng
|j eng
|j spa
|
| 043 |
|
|
|a n-us---
|
| 045 |
|
|
|a x-y-
|
| 072 |
|
7 |
|a 78.07
|x Hudebníci, skladatelé a jiná hudební povolání
|2 Konspekt
|9 9
|
| 080 |
|
|
|a 78.071.2-055.2
|2 MRF
|
| 080 |
|
|
|a (73)
|2 MRF
|
| 080 |
|
|
|a (084.122)791.229.2
|2 MRF
|
| 080 |
|
|
|a (0.034.44)
|2 MRF
|
| 245 |
0 |
0 |
|a 20 feet from stardom
|h [videozáznam] /
|c directed by Morgan Neville
|
| 246 |
3 |
|
|a Twenty feet from stardom
|
| 260 |
|
|
|a [London] :
|b Project B.S.,
|c c2013
|
| 300 |
|
|
|a 1 DVD-video (91 min.)
|
| 511 |
1 |
|
|a Bruce Springsteen a další
|
| 546 |
|
|
|a V anglickém znění s anglickými a španělskými titulky
|
| 630 |
0 |
7 |
|a 20 Feet from Stardom
|7 unn2014850561
|2 czenas
|
| 648 |
|
7 |
|a 20.-21. století
|7 ch462155
|
| 650 |
0 |
7 |
|a zpěvačky
|z Spojené státy americké
|y 20.-21. stol.
|7 ph127680
|2 czenas
|
| 655 |
|
7 |
|a dokumentární filmy
|7 fd118912
|2 czenas
|
| 655 |
|
7 |
|a DVD
|7 fd186912
|2 czenas
|
| 700 |
1 |
|
|a Neville, Morgan,
|d 1967-
|7 mzk2014843016
|4 drt
|
| 700 |
1 |
|
|a Springsteen, Bruce,
|d 1949-
|7 ola2002149293
|4 art
|
| 910 |
|
|
|a BOA001
|b CDR2-1326.675
|
| 990 |
|
|
|a VI
|
| 991 |
|
|
|b 201412
|e n
|x 99
|
| 996 |
7 |
|
|b 2610605836
|c CDR2-1326.675
|l Anglická knihovna/2.patro
|r ZHR
|n 39
|p kup
|h DF
|w 001459693
|u 000010
|a 0
|e BOA001
|j MZK50
|s A
|